Normal view
MARC view
Entry Personal Name
001 - CONTROL NUMBER
- control field: 39512
003 - CONTROL NUMBER IDENTIFIER
- control field: ARRUPE
005 - DATE AND TIME OF LATEST TRANSACTION
- control field: 20180222154246.0
008 - FIXED-LENGTH DATA ELEMENTS
- fixed length control field: 180222|| aca||aabn | a|a d
040 ## - CATALOGING SOURCE
- Original cataloging agency: ARRUPE
- Transcribing agency: ARRUPE
100 ## - HEADING--PERSONAL NAME
- Personal name: Karis, Thomas G.
670 ## - SOURCE DATA FOUND
- Source citation: Work cat.: (ARRUPE)59675: Karis, Thomas G., From protest to challenge:, 1997